| 000 | 01452nam a2200289 a 4500 | ||
|---|---|---|---|
| 001 | 44780 | ||
| 003 | BD-RjUL | ||
| 005 | 20211209053921.0 | ||
| 008 | 160720s1986 bg ||||| |||| 00| 0 ben d | ||
| 020 | _c: Tk. 300.00 (Vol-2) | ||
| 035 | _a(BD-RjUL)44898 | ||
| 040 |
_aBD-RjUL _bben _cBD-RjUL |
||
| 041 | _aben | ||
| 082 |
_223 _a611 _bROC 1986 |
||
| 100 |
_aরোমানিজ, জি. জে. _9137275 |
||
| 245 |
_aকানিংহামের প্র্যাক্টিক্যাল এনাটমি ম্যানুয়েল / _cমূল: জি. জে. রোমানিজ ; অনুবাদক: শুভাগত চৌধুরী |
||
| 260 |
_aঢাকা : _bবাংলা একাডেমী, _c১৯৮৫ -১৯৮৬ |
||
| 300 |
_a খণ্ড ; _c২২ সেমি. |
||
| 490 |
_aবা/এ ; _v১৯১২ (V-2) |
||
| 505 | 0 | _aখণ্ড ১, ঊর্ধাঙ্গ ও নিম্নাঙ্গ --- খণ্ড ২, বক্ষদেশ ও উদরদেশ -- | |
| 650 |
_aমানব অঙ্গব্যবচ্ছেদ-বিদ্যা _vম্যানুয়াল _9161037 |
||
| 650 |
_aHuman anatomy _9137277 _vManuals |
||
| 700 |
_aআহমদ, সালেহ, অনুবাদক _9157201 |
||
| 700 |
_aচৌধুরী, শুভাগত, অনুবাদক _9137278 |
||
| 830 |
_aবা/এ ; _v১৯১২ (V-2) _9119822 |
||
| 942 |
_2ddc _cBK |
||
| 999 |
_c44780 _d44780 |
||